000 00343nam a2200145Ia 4500
008 191206s9999 xx 000 0 und d
020 _a702154636
090 _aKTL511.J67
245 0 _aLaw of persons
250 _a3rd ed.
260 _aJuta
260 _cc2000
300 _a"xxix, 488 p. ; 25 cm."
999 _c16338
_d16338